Estimation of the number of full sibling families at an oviposition site using RAPD-PCR markers: Applications to the mosquito Aedes aegypti (Record no. 58840)

MARC details
000 -LEADER
fixed length control field 00549nam a2200169Ia 4500
100 ## - MAIN ENTRY--AUTHOR NAME
Personal name Apostol B L
245 #0 - TITLE STATEMENT
Title Estimation of the number of full sibling families at an oviposition site using RAPD-PCR markers: Applications to the mosquito Aedes aegypti
260 ## - PUBLICATION, DISTRIBUTION, ETC. (IMPRINT)
Name of publisher Theoretical and Applied Genetics
Year of publication 1993
300 ## - PHYSICAL DESCRIPTION
Number of Pages 991-1000
650 ## - SUBJECT ADDED ENTRY--TOPICAL TERM
Topical Term Aedes aegypti
650 ## - SUBJECT ADDED ENTRY--TOPICAL TERM
Topical Term DNA fingerprinting
650 ## - SUBJECT ADDED ENTRY--TOPICAL TERM
Topical Term Oviposition
650 ## - SUBJECT ADDED ENTRY--TOPICAL TERM
Topical Term RAPD-PCR
650 ## - SUBJECT ADDED ENTRY--TOPICAL TERM
Topical Term Sibling analysis
942 ## - ADDED ENTRY ELEMENTS (KOHA)
Koha item type Journals
Holdings
Withdrawn status Lost status Damaged status Not for loan Home library Current library Shelving location Date acquired Serial Enumeration / chronology Koha item type
      Journals RRII Library RRII Library RFLP 17/12/2021 Volume 86, Issue 8 Journals